[Event "IX Floripa Chess Open Fort Atacadista"]
[Site "Florianópolis - Santa Catari"]
[Date "2023.01.26"]
[Round "5.21"]
[White "Terao, Juliana Sayumi"]
[Black "Tomiello, Mateus Costamilan"]
[Result "0-1"]
[WhiteElo "2243"]
[BlackElo "2051"]
[PlyCount "84"]
[EventDate "2023.01.23"]
[EventRounds "10"]
[EventCountry "BRA"]

1. e4 e5 2. Nf3 Nc6 3. Bb5 a6 4. Ba4 Nf6 5. d3 Bc5 6. O-O b5 7. Bb3 d6 8. c3
Bb6 9. Re1 Be6 10. Bc2 O-O 11. Bg5 h6 12. Bh4 Re8 13. Nbd2 Nb8 14. a4 Nbd7 15.
Nf1 c6 16. Ne3 Qc7 17. d4 Ng4 18. Nf5 Bxf5 19. exf5 exd4 20. Rxe8+ Rxe8 21.
Nxd4 Ngf6 22. axb5 axb5 23. h3 d5 24. g4 Ne4 25. Kg2 Qb7 26. f3 Nef6 27. Qd2 b4
28. Re1 Rxe1 29. Qxe1 bxc3 30. bxc3 c5 31. Ne2 Ba5 32. Qa1 Bc7 33. Bf2 Qb5 34.
Nc1 Qc4 35. Nd3 d4 36. Be1 Ne5 37. Nf2 Nd5 38. Bd2 dxc3 39. Qa8+ Kh7 40. f6+
Ng6 41. fxg7 Kxg7 42. Be4 cxd2 0-1

[Event "IX Floripa Chess Open Fort Atacadista"]
[Site "Florianópolis - Santa Catari"]
[Date "2023.01.26"]
[Round "5.22"]
[White "Calsing, Ado"]
[Black "Viana Da Costa, Fernando"]
[Result "0-1"]
[WhiteElo "1863"]
[BlackElo "2241"]
[PlyCount "74"]
[EventDate "2023.01.23"]
[EventRounds "10"]
[EventCountry "BRA"]

1. d4 c5 2. d5 Nf6 3. c4 e6 4. Nc3 exd5 5. cxd5 d6 6. Nf3 g6 7. Bf4 Bg7 8. Qa4+
Bd7 9. Qb3 Qc7 10. e4 O-O 11. Be2 a6 12. a4 Bg4 13. h3 Bxf3 14. Bxf3 Nbd7 15.
O-O Rfe8 16. Rfe1 Ne5 17. Be2 Nfd7 18. Bg3 c4 19. Qc2 Rac8 20. Bxe5 Nxe5 21.
Kh1 g5 22. g3 b5 23. f4 b4 24. Nd1 gxf4 25. gxf4 Ng6 26. Rc1 b3 27. Qb1 Nxf4
28. Rxc4 Qa5 29. Ne3 Qd2 30. Nf1 Qxb2 31. Qxb2 Bxb2 32. Rb1 Nxe2 33. Rxc8 Rxc8
34. Rxb2 Nd4 35. Ne3 Rc3 36. Nd1 Rc1 37. Rd2 Nf3 0-1

[Event "IX Floripa Chess Open Fort Atacadista"]
[Site "Florianópolis - Santa Catari"]
[Date "2023.01.26"]
[Round "5.24"]
[White "Filgueiras, Nathan Felipe"]
[Black "Lima, Vinicius Taishun"]
[Result "1-0"]
[WhiteElo "2356"]
[BlackElo "1997"]
[PlyCount "67"]
[EventDate "2023.01.23"]
[EventRounds "10"]
[EventCountry "BRA"]

1. d4 Nf6 2. c4 c5 3. d5 b5 4. cxb5 a6 5. Nc3 g6 6. e4 d6 7. f4 Bg7 8. Nf3 O-O
9. bxa6 Nxa6 10. Bc4 Nd7 11. O-O Nb6 12. Be2 Bb7 13. Be3 h6 14. Qd2 f5 15. e5
Nb4 16. Rfd1 N4xd5 17. Nxd5 Bxd5 18. Qc2 Kh7 19. a4 Be4 20. Qb3 Qc7 21. a5 Nc8
22. Qe6 Bxf3 23. Bxf3 Rxa5 24. Rxa5 Qxa5 25. g4 dxe5 26. gxf5 gxf5 27. fxe5 Qb6
28. Qxb6 Nxb6 29. Bxc5 Nc4 30. b4 Bxe5 31. Bxe7 Rf7 32. Bc5 Rg7+ 33. Kh1 Rc7
34. Be2 1-0

[Event "IX Floripa Chess Open Fort Atacadista"]
[Site "Florianópolis - Santa Catari"]
[Date "2023.01.26"]
[Round "5.25"]
[White "Cuenca Jimenez, Jose Fernando"]
[Black "Sergio, Claudio Santos"]
[Result "1-0"]
[WhiteElo "2545"]
[BlackElo "1981"]
[PlyCount "53"]
[EventDate "2023.01.23"]
[EventRounds "10"]
[EventCountry "BRA"]

1. d4 d5 2. c4 e6 3. Nf3 f5 4. Nc3 Nf6 5. Bf4 c6 6. e3 Bd6 7. Bd3 O-O 8. O-O
Qe7 9. Qc2 Ne4 10. Bxd6 Qxd6 11. Bxe4 fxe4 12. Nd2 Nd7 13. f3 exf3 14. Nxf3 Nf6
15. e4 Ng4 16. Rae1 Qf4 17. Qe2 Qh6 18. h3 Nf6 19. Ne5 dxc4 20. Qxc4 Nd7 21.
Rxf8+ Nxf8 22. Qc5 Nd7 23. Qd6 Nf8 24. Rf1 g6 25. Qe7 Qg7 26. Rf7 Qh6 27. Ng4
1-0

[Event "IX Floripa Chess Open Fort Atacadista"]
[Site "Florianópolis - Santa Catari"]
[Date "2023.01.26"]
[Round "5.26"]
[White "Benitez, Andres"]
[Black "Gomes, Luiz Alexandre De S"]
[Result "1-0"]
[WhiteElo "1980"]
[BlackElo "2335"]
[PlyCount "71"]
[EventDate "2023.01.23"]
[EventRounds "10"]
[EventCountry "BRA"]

1. e4 c5 2. Nf3 d6 3. d4 cxd4 4. Nxd4 Nf6 5. Nc3 a6 6. Be2 e5 7. Nb3 Be7 8. Be3
Be6 9. Nd5 Nxd5 10. exd5 Bf5 11. c4 Nd7 12. O-O O-O 13. Qd2 Bg6 14. Kh1 Rc8 15.
Rac1 Re8 16. Na5 Qc7 17. b4 Qb8 18. f4 exf4 19. Bxf4 Bd8 20. Nb3 Bc7 21. Bg4 f5
22. Bh3 Ne5 23. Nd4 Ng4 24. Bg3 Rf8 25. Ne6 Rf7 26. Bxg4 fxg4 27. Qd4 Re7 28.
Qxg4 Rce8 29. h4 b5 30. Nxc7 Qxc7 31. c5 Re4 32. Rf4 R4e5 33. Rd4 Bh5 34. Qf4
Rf8 35. cxd6 Rxf4 36. dxc7 1-0

[Event "IX Floripa Chess Open Fort Atacadista"]
[Site "Florianópolis - Santa Catari"]
[Date "2023.01.26"]
[Round "5.27"]
[White "Pertuzatti, Daniel"]
[Black "Lujan, Carolina"]
[Result "0-1"]
[WhiteElo "1973"]
[BlackElo "2324"]
[PlyCount "88"]
[EventDate "2023.01.23"]
[EventRounds "10"]
[EventCountry "BRA"]

1. e4 c5 2. Nf3 Nc6 3. d4 cxd4 4. Nxd4 e5 5. Nb5 d6 6. c4 g6 7. Bd3 Be6 8. N1c3
a6 9. Na3 Bg7 10. O-O Nf6 11. Nd5 O-O 12. Bg5 Bxd5 13. cxd5 Ne7 14. Qd2 Nh5 15.
g3 f5 16. f3 Nf6 17. Rac1 h6 18. Be3 Kh7 19. Nc4 b5 20. Na5 fxe4 21. Bxe4 Nxe4
22. fxe4 Qd7 23. Nc6 Rxf1+ 24. Kxf1 Rf8+ 25. Kg2 Ng8 26. h3 Qf7 27. Qe2 Nf6 28.
Rf1 Qd7 29. Bb6 h5 30. Rc1 Bh6 31. Nxe5 Qe8 32. Rc7+ Kg8 33. Nc6 Nxd5 34. Rc8
Qxc8 35. exd5 Re8 36. Ne7+ Kf7 37. Bd8 Qf5 38. Nxf5 Rxe2+ 39. Kf3 Re5 40. Nxd6+
Kf8 41. Ba5 Rxd5 42. Bb4 a5 43. Bxa5 Rxd6 44. Bb4 Ke7 0-1

[Event "IX Floripa Chess Open Fort Atacadista"]
[Site "Florianópolis - Santa Catari"]
[Date "2023.01.26"]
[Round "5.28"]
[White "Custodio, Leandro"]
[Black "Labussiere, Victor"]
[Result "0-1"]
[WhiteElo "1964"]
[BlackElo "2315"]
[PlyCount "84"]
[EventDate "2023.01.23"]
[EventRounds "10"]
[EventCountry "BRA"]

1. Nf3 d5 2. d4 Nf6 3. e3 c5 4. a3 cxd4 5. exd4 Nc6 6. Ne5 Qb6 7. Nxc6 bxc6 8.
c4 e5 9. c5 Qc7 10. Qe2 Be7 11. Qxe5 Qxe5+ 12. dxe5 Nd7 13. b4 Nxe5 14. Bb2 Bf6
15. Ra2 Be6 16. Ba6 d4 17. Ra1 Bc4 18. Bxc4 Nxc4 19. Bc1 a5 20. Nd2 d3 21. Nxc4
Bxa1 22. Nxa5 O-O-O 23. Nxc6 Rhe8+ 24. Be3 Bc3+ 25. Kd1 Rd5 26. Na7+ Kb7 27.
Nb5 Be5 28. Kd2 Ra8 29. f4 Kc6 30. fxe5 Kxb5 31. Ra1 Rxe5 32. Bd4 Rd5 33. Bxg7
Re8 34. Re1 Rxe1 35. Kxe1 Rg5 36. Bh6 Rxg2 37. Bf4 Rc2 38. Bd2 Ka4 39. c6 Rxc6
40. Kf2 Re6 41. Be3 Re7 42. Kf3 Kb5 0-1

[Event "IX Floripa Chess Open Fort Atacadista"]
[Site "Florianópolis - Santa Catari"]
[Date "2023.01.26"]
[Round "5.29"]
[White "Dubrovich, Igor"]
[Black "Menna Barreto, Felipe Kubiaki"]
[Result "0-1"]
[WhiteElo "1962"]
[BlackElo "2305"]
[PlyCount "108"]
[EventDate "2023.01.23"]
[EventRounds "10"]
[EventCountry "BRA"]

1. e4 c5 2. Nf3 d6 3. d4 cxd4 4. Nxd4 Nf6 5. Nc3 a6 6. Be3 e5 7. Nb3 Be6 8. f3
Nbd7 9. Qd2 Be7 10. O-O-O O-O 11. g4 b5 12. g5 b4 13. Ne2 Nh5 14. Kb1 a5 15.
Ng3 a4 16. Nc1 Nf4 17. Bxf4 exf4 18. Nf5 Bxf5 19. exf5 Bxg5 20. Qxd6 Ne5 21.
Be2 Qxd6 22. Rxd6 a3 23. Nd3 Nc4 24. Rc6 Rfc8 25. Rxc8+ Rxc8 26. b3 Nd2+ 27.
Kc1 Nxb3+ 28. axb3 a2 29. Kd2 Bf6 30. c4 Bc3+ 31. Kc2 Re8 32. Nxf4 a1=Q 33.
Rxa1 Bxa1 34. Bd3 Bd4 35. Be4 Be5 36. Nd3 Bxh2 37. Nxb4 h5 38. Nd3 h4 39. Kd2
h3 40. Ke2 Rb8 41. b4 Bd6 42. c5 h2 43. f4 Re8 44. Nf2 Rxe4+ 45. Nxe4 h1=Q 46.
Nxd6 Qd5 47. Ke3 Qb3+ 48. Kd4 Qxb4+ 49. Nc4 Kf8 50. Kd5 Ke7 51. Ne5 Qxf4 52. c6
Qxf5 53. c7 f6 54. Kc6 fxe5 0-1

[Event "IX Floripa Chess Open Fort Atacadista"]
[Site "Florianópolis - Santa Catari"]
[Date "2023.01.26"]
[Round "5.30"]
[White "Labussiere, Yago"]
[Black "Oliveira, Danyel Angelo Aquin"]
[Result "1-0"]
[WhiteElo "2227"]
[BlackElo "1954"]
[PlyCount "69"]
[EventDate "2023.01.23"]
[EventRounds "10"]
[EventCountry "BRA"]

1. c4 c5 2. Nc3 Nf6 3. e4 Nc6 4. g3 g6 5. Bg2 Bg7 6. Nge2 d6 7. O-O O-O 8. d3
Bd7 9. h3 Ne8 10. Be3 Nc7 11. d4 cxd4 12. Nxd4 Nxd4 13. Bxd4 Bxd4 14. Qxd4 Ne6
15. Qe3 a6 16. f4 Rc8 17. b3 Bc6 18. f5 Nc5 19. Kh2 Nd7 20. a4 a5 21. Rad1 Qb6
22. Qxb6 Nxb6 23. f6 Nd7 24. fxe7 Rfe8 25. Rxd6 Rxe7 26. Nd5 Bxd5 27. exd5 Nc5
28. Rb6 Re3 29. d6 Rxb3 30. Rxb3 Nxb3 31. Bd5 b6 32. Rxf7 Kh8 33. d7 Rd8 34.
Re7 Nc5 35. Re8+ 1-0

[Event "IX Floripa Chess Open Fort Atacadista"]
[Site "Florianópolis - Santa Catari"]
[Date "2023.01.26"]
[Round "5.31"]
[White "Gauche, Charles"]
[Black "Gazola, Vanessa Ramos"]
[Result "1-0"]
[WhiteElo "2211"]
[BlackElo "1949"]
[PlyCount "77"]
[EventDate "2023.01.23"]
[EventRounds "10"]
[EventCountry "BRA"]

1. c4 e6 2. d4 d5 3. Nc3 Be7 4. Nf3 Nf6 5. Bf4 O-O 6. Rc1 c6 7. e3 b6 8. Bd3
Bb7 9. O-O c5 10. Nb5 Nc6 11. cxd5 Nxd5 12. Bg3 a6 13. Nc3 cxd4 14. exd4 Nxc3
15. bxc3 Bf6 16. Rb1 Rc8 17. Qe2 Na5 18. Rfc1 b5 19. a4 bxa4 20. Rxb7 Nxb7 21.
Qe4 g6 22. Qxb7 Qa5 23. Qxa6 Qxa6 24. Bxa6 Ra8 25. Bc4 Rfc8 26. Ba2 Rc6 27. Ne5
Bxe5 28. Bxe5 Rb6 29. c4 Rb2 30. Ra1 f6 31. Bd6 Rd2 32. d5 exd5 33. cxd5 Re8
34. Bb4 Rb2 35. d6+ Kg7 36. d7 Rd8 37. Ba3 Re2 38. Bc4 Rc2 39. Bb5 1-0

[Event "IX Floripa Chess Open Fort Atacadista"]
[Site "Florianópolis - Santa Catari"]
[Date "2023.01.26"]
[Round "5.32"]
[White "Rodriguez, Mathias"]
[Black "De Souza, Felipe Guimaraes"]
[Result "0-1"]
[WhiteElo "2207"]
[BlackElo "1943"]
[PlyCount "108"]
[EventDate "2023.01.23"]
[EventRounds "10"]
[EventCountry "BRA"]

1. e4 d6 2. d4 Nf6 3. Nc3 Nbd7 4. Nf3 e5 5. Bc4 Be7 6. O-O O-O 7. Re1 c6 8. a4
b6 9. b3 a6 10. Bb2 Qc7 11. Bd3 Re8 12. Ne2 Bf8 13. Ng3 c5 14. d5 h6 15. Qd2
Kh8 16. Nh4 Rb8 17. c4 Ng8 18. f4 exf4 19. Qxf4 Ne5 20. Bxe5 dxe5 21. Qf2 g6
22. Rf1 Rb7 23. Qb2 Qe7 24. Nf3 Bd7 25. Rf2 Bg7 26. Raf1 Rf8 27. Qc2 Nf6 28. h3
Ne8 29. Nd2 Nd6 30. Nb1 h5 31. Nc3 Bh6 32. Qe2 h4 33. Nh1 Kg7 34. Re1 Rbb8 35.
Rff1 Qg5 36. Nf2 Qg3 37. Nh1 Qg5 38. Nf2 Qe7 39. Rb1 f5 40. Rfe1 Bf4 41. Qb2 a5
42. Nb5 Nf7 43. Re2 Qg5 44. Bc2 Be3 45. Qc3 f4 46. Rxe3 fxe3 47. Ng4 Bxg4 48.
hxg4 Nh6 49. Nc7 Rf6 50. Bd1 Qf4 51. Bf3 Qg3 52. g5 Rxf3 53. gxh6+ Kh7 54. Ne6
Rf2 0-1

[Event "IX Floripa Chess Open Fort Atacadista"]
[Site "Florianópolis - Santa Catari"]
[Date "2023.01.26"]
[Round "5.33"]
[White "Ferraz, Michel Liah"]
[Black "Do Valle Cardoso, Lucas"]
[Result "1/2-1/2"]
[WhiteElo "1947"]
[BlackElo "2206"]
[PlyCount "115"]
[EventDate "2023.01.23"]
[EventRounds "10"]
[EventCountry "BRA"]

1. d4 d5 2. c4 dxc4 3. e3 e5 4. Bxc4 exd4 5. exd4 Nf6 6. Nf3 Bd6 7. O-O O-O 8.
Nc3 Nc6 9. h3 h6 10. Qc2 a6 11. a3 Ne7 12. Bd3 Ned5 13. Re1 Be6 14. Ne5 Nxc3
15. bxc3 c5 16. dxc5 Bxc5 17. Bb2 Qc7 18. c4 Rac8 19. Rad1 Rfd8 20. Qe2 Qb6 21.
Bb1 Rxd1 22. Rxd1 Rd8 23. Rxd8+ Qxd8 24. Nf3 Qc7 25. Qd2 Be7 26. Ne5 Bd6 27.
Nf3 Bf4 28. Qd4 Bxc4 29. Be4 Bd6 30. Bb1 Be6 31. Qd3 Be7 32. Nd4 Qc4 33. Qg3
Qc8 34. Nxe6 Qxe6 35. Qb8+ Bf8 36. Bxf6 Qxf6 37. Qxb7 Bxa3 38. Qc8+ Bf8 39. Qc2
g6 40. Ba2 a5 41. g3 Kg7 42. Kg2 Be7 43. Qc4 Bd8 44. Qe4 Qb6 45. Qd5 Qc7 46.
Bb3 Bf6 47. Ba2 a4 48. Qe4 Qa7 49. Qd5 Bd4 50. Qf3 a3 51. h4 h5 52. Qe2 Qc5 53.
Qf3 Qe7 54. Qd5 Bc5 55. Qf3 Bd6 56. Qd5 Qc7 57. Qf3 Be5 58. Qxa3 1/2-1/2

[Event "IX Floripa Chess Open Fort Atacadista"]
[Site "Florianópolis - Santa Catari"]
[Date "2023.01.26"]
[Round "5.34"]
[White "Caceres Benitez, Arturo Eduardo"]
[Black "Guimaraes, Wagner Peixoto"]
[Result "1/2-1/2"]
[WhiteElo "1944"]
[BlackElo "2199"]
[PlyCount "84"]
[EventDate "2023.01.23"]
[EventRounds "10"]
[EventCountry "BRA"]

1. e4 e6 2. d4 d5 3. Nc3 Bb4 4. e5 c5 5. a3 Bxc3+ 6. bxc3 Qa5 7. Bd2 Qa4 8. Qg4
g6 9. Ra2 Nc6 10. Nf3 Nge7 11. Qf4 h6 12. h4 Bd7 13. Bd3 c4 14. Be2 O-O-O 15.
Qf6 Rh7 16. Nh2 Rg8 17. Qf3 Qb5 18. O-O f6 19. exf6 Nf5 20. h5 Rf7 21. Ng4 gxh5
22. Nxh6 Nxh6 23. Bxh6 e5 24. dxe5 Nxe5 25. Qxh5 Rxf6 26. Qxe5 Rxh6 27. Bf3
Rgh8 28. g3 Bc6 29. Qd4 Kb8 30. Bg2 Qa5 31. Re1 Ka8 32. Raa1 Qd8 33. Re5 Qg8
34. Rae1 Qh7 35. f4 Qxc2 36. R5e2 Qg6 37. Kf2 Rg8 38. Re3 Rh5 39. R1e2 a6 40.
Re1 Qc2+ 41. R3e2 Qb3 42. Ra1 Qa4 1/2-1/2

[Event "IX Floripa Chess Open Fort Atacadista"]
[Site "Florianópolis - Santa Catari"]
[Date "2023.01.26"]
[Round "5.35"]
[White "Melian, Juan Sebastian"]
[Black "Seccafim, Caic Dos Santos"]
[Result "1-0"]
[WhiteElo "2197"]
[BlackElo "1936"]
[PlyCount "97"]
[EventDate "2023.01.23"]
[EventRounds "10"]
[EventCountry "BRA"]

1. c4 Nf6 2. Nc3 g6 3. d4 Bg7 4. e4 d6 5. f3 O-O 6. Be3 Nc6 7. Nge2 a6 8. d5
Ne5 9. Nd4 c5 10. dxc6 bxc6 11. Be2 Rb8 12. Qc2 c5 13. Nb3 Nc6 14. Rd1 e5 15.
Bxc5 Rxb3 16. Qxb3 Nd4 17. Rxd4 exd4 18. Bxd4 Nxe4 19. Bb6 Nc5 20. Bxd8 Nxb3
21. Bg5 Nd4 22. Bd3 Be6 23. Kd1 Rc8 24. Ne4 Bxc4 25. Nxd6 Rc5 26. Bxc4 Rxg5 27.
g3 Ne6 28. b3 Rc5 29. Re1 Rc6 30. Ne4 a5 31. Nd2 Bc3 32. Re3 Bd4 33. Rd3 Bg1
34. h3 Bc5 35. f4 Kf8 36. Ne4 Be7 37. Nc3 Bb4 38. Nd5 Nc5 39. Nxb4 axb4 40.
Rd8+ Kg7 41. Rb8 Na4 42. g4 Rd6+ 43. Ke2 Nc3+ 44. Kf3 Nxa2 45. Rb7 Rf6 46. g5
Rf5 47. Be6 Kf8 48. Bxf5 gxf5 49. h4 1-0

[Event "IX Floripa Chess Open Fort Atacadista"]
[Site "Florianópolis - Santa Catari"]
[Date "2023.01.26"]
[Round "5.36"]
[White "Soares, Renan Barbosa Monte"]
[Black "Silva, Kaua Marques"]
[Result "0-1"]
[WhiteElo "1941"]
[BlackElo "2196"]
[PlyCount "138"]
[EventDate "2023.01.23"]
[EventRounds "10"]
[EventCountry "BRA"]

1. d4 Nf6 2. c4 e6 3. Nf3 d5 4. Nc3 dxc4 5. e3 a6 6. Bxc4 b5 7. Bd3 Bb7 8. O-O
Nbd7 9. Qe2 c5 10. Rd1 Qc7 11. e4 cxd4 12. Nxd4 Bc5 13. Be3 O-O 14. Rac1 Qb8
15. f3 Rd8 16. Bb1 Bd6 17. g3 Ne5 18. Nb3 Nc4 19. Bf2 Rc8 20. Bd4 Be7 21. e5
Nd7 22. f4 g6 23. Bf2 Ndb6 24. Ne4 Na4 25. Rd7 Kf8 26. Bd4 Ncb6 27. Bxb6 Rxc1+
28. Nxc1 Nxb6 29. Rd1 Nd5 30. Nb3 Qa7+ 31. Qf2 Qxf2+ 32. Kxf2 Rc8 33. Rc1 Rxc1
34. Nxc1 Ke8 35. Nb3 Kd8 36. Ke2 Kc7 37. Nbc5 Bc8 38. Kd3 Kb6 39. Nb3 a5 40.
Nc1 Ba6 41. Kd4 Kc6 42. Nb3 Bd8 43. Nd6 a4 44. Nd2 f5 45. Kd3 Be7 46. Nf7 b4+
47. Kc2 Be2 48. b3 Ne3+ 49. Kc1 a3 50. h4 Kd7 51. Bc2 Ke8 52. Ng5 Bxg5 53. hxg5
Kf7 54. Nb1 Nf1 55. Bd1 Nxg3 56. Kd2 Bxd1 57. Kxd1 Ne4 58. Kc2 Kg7 59. Kd3 h5
60. gxh6+ Kxh6 61. Kc4 Kh5 62. Kxb4 Kg4 63. Nxa3 Kxf4 64. Nc4 g5 65. a4 g4 66.
a5 g3 67. a6 g2 68. a7 g1=Q 69. a8=Q Qc5+ 0-1

[Event "IX Floripa Chess Open Fort Atacadista"]
[Site "Florianópolis - Santa Catari"]
[Date "2023.01.26"]
[Round "5.37"]
[White "Barrientos, Ernesto"]
[Black "De Borba, Gabriel"]
[Result "1-0"]
[WhiteElo "1934"]
[BlackElo "2191"]
[PlyCount "55"]
[EventDate "2023.01.23"]
[EventRounds "10"]
[EventCountry "BRA"]

1. e4 c5 2. Nf3 e6 3. d4 cxd4 4. Nxd4 Nf6 5. Bd3 Be7 6. Qe2 d6 7. c4 O-O 8. O-O
a6 9. Nc3 b6 10. f4 Bb7 11. Bd2 Qc7 12. Kh1 Nbd7 13. Rae1 g6 14. Nf3 Rac8 15.
f5 Nc5 16. Bc2 exf5 17. exf5 Rfe8 18. fxg6 fxg6 19. Ng5 d5 20. cxd5 Nxd5 21.
Nxd5 Bxd5 22. Nxh7 Bh4 23. Qxe8+ Rxe8 24. Rxe8+ Kxh7 25. Bc3 Bxg2+ 26. Kg1 Kh6
27. Rh8+ Kg5 28. Bf6+ 1-0

[Event "IX Floripa Chess Open Fort Atacadista"]
[Site "Florianópolis - Santa Catari"]
[Date "2023.01.26"]
[Round "5.39"]
[White "Zampronha, Wladimir Camilo"]
[Black "Reichert, Thiago Da Cruz"]
[Result "1-0"]
[WhiteElo "2164"]
[BlackElo "1930"]
[PlyCount "79"]
[EventDate "2023.01.23"]
[EventRounds "10"]
[EventCountry "BRA"]

1. c4 Nf6 2. Nc3 c5 3. g3 g6 4. Bg2 Bg7 5. Nf3 O-O 6. O-O Nc6 7. d4 cxd4 8.
Nxd4 Nxd4 9. Qxd4 d6 10. Qd3 a6 11. Rd1 Qc7 12. Bg5 Be6 13. b3 Rfe8 14. Rac1
Rab8 15. Qd2 Qa5 16. Nd5 Qxd2 17. Rxd2 Bxd5 18. cxd5 Rec8 19. Rdc2 Rxc2 20.
Rxc2 Kf8 21. Rc7 Ke8 22. Be3 Nd7 23. Ba7 Ra8 24. Rxb7 Kd8 25. Be3 Bc3 26. Ra7
Rxa7 27. Bxa7 Nc5 28. Bb6+ Kd7 29. e3 a5 30. Bf1 e6 31. Bc4 Ne4 32. Kf1 Nd2+
33. Ke2 Nxc4 34. bxc4 e5 35. f3 Kc8 36. e4 Kb7 37. Be3 Bb4 38. f4 f6 39. fxe5
fxe5 40. Kf3 1-0

[Event "IX Floripa Chess Open Fort Atacadista"]
[Site "Florianópolis - Santa Catari"]
[Date "2023.01.26"]
[Round "5.40"]
[White "Muzzi, Eduardo"]
[Black "Carvalho, Guillermo"]
[Result "0-1"]
[WhiteElo "1917"]
[BlackElo "2154"]
[PlyCount "67"]
[EventDate "2023.01.23"]
[EventRounds "10"]
[EventCountry "BRA"]

1. e4 e5 2. Nf3 Nc6 3. d4 exd4 4. Bc4 Nf6 5. O-O Nxe4 6. Re1 d5 7. Bxd5 Qxd5 8.
Nc3 Qa5 9. Nxe4 Be6 10. Neg5 O-O-O 11. Nxe6 fxe6 12. Rxe6 Qf5 13. Qe2 h6 14.
Nh4 d3 15. cxd3 Qxd3 16. Qxd3 Rxd3 17. Be3 Bb4 18. Nf5 Rhd8 19. g3 Bf8 20. Rc1
R3d5 21. Nh4 Rd1+ 22. Kg2 Rxc1 23. Bxc1 Nb4 24. Ng6 Bd6 25. Bf4 Nxa2 26. Bxd6
cxd6 27. Re4 b5 28. Ne7+ Kb7 29. Nf5 Rd7 30. Rd4 Kc6 31. Rg4 a5 32. Nxg7 Nc1
33. Nf5 Nd3 34. Nd4+ 0-1

[Event "IX Floripa Chess Open Fort Atacadista"]
[Site "Florianópolis - Santa Catari"]
[Date "2023.01.26"]
[Round "5.41"]
[White "Cerrato, Alex"]
[Black "De Oliveira, Gustavo Alfredo Bue"]
[Result "0-1"]
[WhiteElo "1915"]
[BlackElo "2150"]
[PlyCount "40"]
[EventDate "2023.01.23"]
[EventRounds "10"]
[EventCountry "BRA"]

1. d4 Nf6 2. Nc3 c5 3. Bf4 cxd4 4. Qxd4 Nc6 5. Qa4 e5 6. Bg3 Bc5 7. e3 O-O 8.
Nf3 d6 9. Bc4 Bd7 10. O-O-O Nd4 11. exd4 Bxa4 12. dxc5 Qa5 13. cxd6 e4 14. Nd2
Rac8 15. Nxa4 Qxa4 16. Bb3 Qc6 17. Nc4 a5 18. Nxa5 Qb5 19. d7 Nxd7 20. Rd5 Nc5
0-1

[Event "IX Floripa Chess Open Fort Atacadista"]
[Site "Florianópolis - Santa Catari"]
[Date "2023.01.26"]
[Round "5.42"]
[White "Heinechen, Juan"]
[Black "Bassani, Jaison Jose"]
[Result "1-0"]
[WhiteElo "2146"]
[BlackElo "1913"]
[PlyCount "117"]
[EventDate "2023.01.23"]
[EventRounds "10"]
[EventCountry "BRA"]

1. e4 c5 2. Nc3 Nc6 3. Bb5 g6 4. Bxc6 bxc6 5. f4 Bg7 6. Nf3 d6 7. d3 Nh6 8. O-O
O-O 9. Qe1 f6 10. Qh4 Nf7 11. Kh1 e5 12. Qg3 Bd7 13. Be3 Qe7 14. Rae1 exf4 15.
Bxf4 Ne5 16. b3 Rae8 17. Re2 Be6 18. Ref2 Qc7 19. Na4 Qd7 20. h3 Kh8 21. Be3
Kg8 22. Bf4 Kh8 23. Rd1 Qe7 24. Re2 Bc8 25. c3 Ba6 26. Ree1 Rd8 27. c4 Bb7 28.
Rf1 Nf7 29. Bc1 Rde8 30. Bb2 Ne5 31. Rfe1 Kg8 32. d4 cxd4 33. Nxd4 a6 34. c5
dxc5 35. Ba3 Nd7 36. Qc7 Ba8 37. Nf3 Rf7 38. Qa7 Qe6 39. Qxa6 c4 40. bxc4 Ne5
41. Nxe5 Qxe5 42. Bd6 Qh5 43. c5 Bb7 44. Qd3 Bc8 45. Nb6 Bg4 46. Rd2 f5 47. Qg3
Bh6 48. Rd3 Be2 49. exf5 Rxf5 50. Rd4 Re3 51. Qh4 Qxh4 52. Rxh4 Bg5 53. Ra4 Rf7
54. Nc4 Re4 55. Ra8+ Kg7 56. Be5+ Kh6 57. Nd6 Re7 58. Nxe4 Rxe5 59. Rxe2 1-0

[Event "IX Floripa Chess Open Fort Atacadista"]
[Site "Florianópolis - Santa Catari"]
[Date "2023.01.26"]
[Round "5.43"]
[White "Vargas, Gabriela"]
[Black "Andrade, Guilherme A. De Sou"]
[Result "1/2-1/2"]
[WhiteElo "2145"]
[BlackElo "1913"]
[PlyCount "101"]
[EventDate "2023.01.23"]
[EventRounds "10"]
[EventCountry "BRA"]

1. d4 Nf6 2. Nf3 d5 3. c3 c5 4. e3 e6 5. Bd3 Nc6 6. Nbd2 Bd6 7. O-O O-O 8. dxc5
Bxc5 9. e4 Qc7 10. Qe2 b6 11. e5 Ng4 12. Bxh7+ Kxh7 13. Ng5+ Kg8 14. Qxg4 Qxe5
15. Ndf3 Qf5 16. Qxf5 exf5 17. h4 d4 18. b4 Be7 19. b5 Na5 20. Nxd4 Bf6 21. Ba3
Re8 22. Bb4 Nc4 23. Rfe1 Bd7 24. Rad1 Nb2 25. Rb1 Nd3 26. Red1 Ne5 27. Bd6 Nc4
28. Bb4 Rac8 29. a4 g6 30. Ndf3 Rc7 31. Bd6 Nxd6 32. Rxd6 Bxc3 33. Rc1 Rec8 34.
Rxc3 Rxc3 35. Rxd7 Rc1+ 36. Kh2 R1c7 37. Rd6 Re7 38. Nd4 Rc4 39. Kh3 Rxa4 40.
Nc6 Rc7 41. Nf3 Ra3 42. Kh2 Kg7 43. h5 Rc8 44. hxg6 Rh8+ 45. Kg3 fxg6 46. Nce5
Rh6 47. Nd3 g5 48. Rd7+ Kf6 49. Rd6+ Kg7 50. Rd7+ Kf6 51. Rd6+ 1/2-1/2

[Event "IX Floripa Chess Open Fort Atacadista"]
[Site "Florianópolis - Santa Catari"]
[Date "2023.01.26"]
[Round "5.45"]
[White "Da Luz, Felipe Garcia"]
[Black "Moura, Eduardo Eugenio Cha"]
[Result "1/2-1/2"]
[WhiteElo "1914"]
[BlackElo "2127"]
[PlyCount "91"]
[EventDate "2023.01.23"]
[EventRounds "10"]
[EventCountry "BRA"]

1. e4 d6 2. d4 Nf6 3. f3 e5 4. d5 Be7 5. c4 h5 6. Nc3 a5 7. Be3 Na6 8. Nge2 O-O
9. Nc1 Nh7 10. Nd3 f5 11. Be2 Bg5 12. Qd2 Bxe3 13. Qxe3 f4 14. Qf2 Nb4 15.
O-O-O Nxd3+ 16. Bxd3 b6 17. Kb1 Nf6 18. g3 Nd7 19. gxf4 Rxf4 20. Ne2 Qh4 21.
Qg2 Rf7 22. Rhg1 Nc5 23. Nc3 Bd7 24. Be2 Na4 25. Nxa4 Bxa4 26. b3 Bd7 27. Qg3
Qf4 28. Qxf4 Rxf4 29. Rg5 Kh7 30. Rdg1 g6 31. Rxg6 Bg4 32. Rg5 Kh6 33. h4 Bxf3
34. Bxf3 Rxf3 35. Rg6+ Kh7 36. Rg7+ Kh8 37. Rxc7 a4 38. b4 a3 39. Rc6 Rf2 40.
Rxd6 Rb2+ 41. Ka1 Kh7 42. Rxb6 Re2 43. c5 Rg8 44. Rb7+ Kh6 45. Rb6+ Kh7 46.
Rb7+ 1/2-1/2

[Event "IX Floripa Chess Open Fort Atacadista"]
[Site "Florianópolis - Santa Catari"]
[Date "2023.01.26"]
[Round "5.46"]
[White "Campelo, Leandro Fabricio"]
[Black "Cristino, Felipe Borges"]
[Result "1-0"]
[WhiteElo "2125"]
[BlackElo "1893"]
[PlyCount "55"]
[EventDate "2023.01.23"]
[EventRounds "10"]
[EventCountry "BRA"]

1. e4 c5 2. Nf3 Nc6 3. d4 cxd4 4. Nxd4 g6 5. Nc3 Bg7 6. Be3 Nf6 7. Bc4 Qa5 8.
O-O O-O 9. Bb3 d6 10. h3 Nxd4 11. Bxd4 Re8 12. Re1 b5 13. e5 dxe5 14. Rxe5 a6
15. a4 Qb4 16. axb5 Rd8 17. Nd5 Nxd5 18. Rxd5 Be6 19. Bc5 Bxd5 20. Bxb4 Bxb3
21. Qe2 Be6 22. Rxa6 Rac8 23. b3 Bh6 24. b6 Bf4 25. b7 Rb8 26. Rxe6 fxe6 27.
Qxe6+ Kh8 28. Bc3+ 1-0